Paisajes, espacios y materialidades : arqueología rural altomedieval en la península ibérica /
Rural landscapes are increasingly important when analysing the processes of change following the collapse of the Roman imperial structure. This volume presents contributions from key researchers in early medieval peasant archaeology in the north-western quadrant of the Peninsula, offering a multi-sc...
مؤلف مشترك:
مؤلفون آخرون: , ,
التنسيق: وقائع المؤتمر كتاب الكتروني
اللغة: Spanish
منشور في:
Oxford :
Archaeopress Publishing Ltd,
2022.
سلاسل:
Access archaeology.
الموضوعات:
الوصول للمادة أونلاين: Login to view Source
الوسوم: إضافة وسم
رقم الطلب: DP44
| LEADER | 02334nam a2200469 i 4500 | ||
|---|---|---|---|
| 001 | EDZ0002728417 | ||
| 003 | StDuBDS | ||
| 005 | 20230412183131.0 | ||
| 006 | m|||||o||d|||||||| | ||
| 007 | cr ||||||||||| | ||
| 008 | 220328s2022 enkab fob 100|0|spa|d | ||
| 020 | |a 9781789699982 (PDF ebook) : |c No price | ||
| 040 | |a StDuBDS |b eng |c StDuBDS |e rda |e pn | ||
| 050 | 4 | |a DP44 | |
| 082 | 0 | 4 | |a 946.02 |2 23 |
| 111 | 2 | |a Early Medieval Countryside Archaeological Meetings |n (1st : |d 2019 : |c Castelo de Vide, Portugal), |j creator. | |
| 245 | 1 | 0 | |a Paisajes, espacios y materialidades : |b arqueología rural altomedieval en la península ibérica / |c Sara Prata, Fabián Cuesta-Gómez and Catarina Tente. |
| 264 | 1 | |a Oxford : |b Archaeopress Publishing Ltd, |c 2022. | |
| 300 | |a 1 online resource (ii, 288 pages) : |b illustrations (black and white, and colour), maps (black and white, and colour). | ||
| 336 | |a text |2 rdacontent | ||
| 336 | |a still image |2 rdacontent | ||
| 336 | |a cartographic image |2 rdacontent | ||
| 337 | |a computer |2 rdamedia | ||
| 338 | |a online resource |2 rdacarrier | ||
| 490 | 1 | |a Access archaeology | |
| 500 | |a Also issued in print: 2022. | ||
| 504 | |a Includes bibliographical references. | ||
| 506 | 0 | |a Open access. | |
| 520 | 8 | |a Rural landscapes are increasingly important when analysing the processes of change following the collapse of the Roman imperial structure. This volume presents contributions from key researchers in early medieval peasant archaeology in the north-western quadrant of the Peninsula, offering a multi-scale image of the main lines of ongoing research. | |
| 521 | |a Specialized. | ||
| 588 | |a Description based on online resource; title from PDF title page (viewed on June 7, 2022). | ||
| 650 | 0 | |a Archaeology, Medieval |z Iberian Peninsula |v Congresses. | |
| 650 | 0 | |a Landscape archaeology |z Iberian Peninsula |v Congresses. | |
| 700 | 1 | |a Prata, Sara, |e editor. | |
| 700 | 1 | |a Cuesta-Gómez, Fabián, |e editor. | |
| 700 | 1 | |a Tente, Catarina, |d 1972- |e editor. | |
| 776 | 0 | 8 | |i Print version : |z 9781789699975 |
| 830 | 0 | |a Access archaeology. | |
| 856 | 4 | 0 | |3 Archaeopress |u http://library.arce.org:8087/Archaeopress/Products/9781789699975 |
| 942 | |2 lcc |c EBOOK | ||
| 952 | |0 0 |1 0 |4 0 |6 DP0044 |7 1 |9 46858 |a ARCH |b ARCH |d 2023-04-12 |l 0 |o DP44 |r 2023-04-12 00:00:00 |w 2023-04-12 |y EBOOK | ||
| 999 | |c 52516 |d 52516 | ||
